Living with light

Bibliographic Details
Main Author: Baxter, Nicola
Format: Book
Published: London : Watts Books , 1995
Series:Toppers
Subjects:

MARC

LEADER 00000cam a2200000 7i4500
001 0000069441
005 20220105104239.0
008 170119
020 |a 0749619678 
020 |a 9780749619671 
090 0 0 |a EL   |b ENG 
100 1 |a Baxter, Nicola 
245 1 0 |a Living with light   |c Nicola Baxter 
260 |a London :   |b Watts Books ,   |c 1995 
300 |a 24pg. :   |b col. ill. 
490 1 |a Toppers 
500 |a Children age 4-6 years old (yellow) 
650 0 |a Children's stories, English 
999 |a 0000797489   |b Book   |c Children Collection   |e Cawangan Segamat 
999 |a 0000799589   |b Book   |c Children Collection   |e Cawangan Pontian 
999 |a 0000817335   |b Book   |c Children Collection   |e Cawangan Bandar Penawar